Quizzes
Events
Quiz Creation
Community
Videos
Private Events
Remove Ads
Sign In
Join for FREE
Feedback
Dark Mode
Quiz Categories
Sports
Geography
Music
Movies
Television
Just For Fun
Miscellaneous
History
Literature
Language
Science
Gaming
Entertainment
Religion
Holiday
For Kids
Quiz Lab
Recent
Popular Today
Quiz Kudos Today
Editor Picks
Curator Picks
Quizzes by...
Day
Popularity
Type
Ratings
Length
Year
Community
Subscriptions
Recent Discussions
Orange Saloon
Badges
Playlists
Quests
Create
Leaderboards
Showdown
Live 5
Trivia Bingo
Activity
Puzzle Library
Sporcle Events
Private Events
Virtual Trivia
Globe League
Become a Host
Pub Owners
SporcleCon
Opinionation
Our Games
Videos
Blog
Mobile Apps
Partnerships
Remove Ads and Go Orange
Feedback
Sports
Athletes
MLB
NBA
NHL
NFL
Soccer
Sports Teams
WWE
NCAA
Football
Premier League
Basketball
Baseball
Hockey
Golf
Tennis
Cricket
Rugby
Auto Racing
Olympics
World Cup
Sports
Athletes
MLB
NBA
NHL
NFL
Soccer
Sports Teams
WWE
NCAA
Football
Premier League
Basketball
Baseball
Hockey
Golf
Tennis
Cricket
Rugby
Auto Racing
Olympics
World Cup
Random Quiz
Search Sporcle
×
Quiz Lab
Quiz Lab
Sports
Rating
Type in answers that appear in a list
Type in answers that appear in a list
Classic
Best Score? Go Orange.
Fifa 17: Croatian Players 81+ Stats
Can you name the Fifa 17: Croatian Players 81+?
By
jgmptat
10m
29 Questions
158 Plays
158 Plays
158 Plays
Comments
Comments
Give Quiz Kudos
Give Quiz Kudos
-
- Ratings
hide this ad
More Info
Replay
Link that replays current quiz
Next Quiz
Link to next quiz in quiz playlist
You Got
0%
They Got
Avg Score
89%
Avg Friend Score
Upgrade to see
Score Distribution
Jump to the score distribution portion of the page
Score
0/29
Timer
10:00
0
Plays Today
Rating
Player
% Correct
89
Luka Modric
100%
90/
Reward
Luka Modric
100%
96/
TOTY
Luka Modric
100%
91/
TOTS
Danijel Subasic
100%
87
Ivan Rakitic
98.7%
83
Danijel Subasic
98.1%
84
Danijel Subasic
98.1%
86/
IF
Danijel Subasic
98.1%
88/
IF
Ivan Perisic
97%
83
Mario Mandzukic
96.8%
83
Ivan Perisic
96.8%
84
Ivan Perisic
96.8%
84/
Halloween
Mario Mandzukic
96.8%
85/
IF
Mario Mandzukic
96.8%
86/
IF
Ivan Perisic
96.8%
Rating
Player
% Correct
87/
IF
Ivan Perisic
96.8%
81
Mateo Kovacic
95.6%
84/
IF
Mateo Kovacic
95.6%
82
Dejan Lovren
90.5%
81
Darijo Srna
88%
84/
IF
Darijo Srna
88%
83/
IF
Marcelo Brozovic
84.2%
85/
IF
Marcelo Brozovic
84.2%
83/
IF
Nikola Kalinic
79.1%
85/
IF
Nikola Kalinic
79.1%
81/
MOTM
Marko Pjaca
72.8%
82
Vedran Corluka
72.2%
81/
IF
Andrej Kramaric
69%
83/
IF
Milan Badelj
64.6%
Quiz Playlist
Details
Report
Send in Message
Add To Playlist
More Info:
Not including legends
Classic:
Type in answers that appear in a list
Last Updated: Jun 3, 2017
Quiz Scoreboard
CHALLENGE
Sign Up to Join the Scoreboard
Show All
Scores
Hide
Comments
May contain spoilers
Recently Published
College Basketball Coaching Resumes
by pancakes188
Sports
9m
Billboard Blitz: Fleetwood Mac
by CooCooCachoo
Music
15s
Presidents Visiting Landmarks
by Hejman
History
7m
More to Explore
Quiz From the Vault
Featured Blog Post
Where Did the Easter Bunny Come From?
hide this ad
You Might Also Like...
Tags
club
Croatian
FIFA
FIFA 17
Player
position
Rating
Today's Top Quizzes in Sports
Browse Sports
hide this ad
Today's Top Quizzes in Rating
Browse Rating
Top Contributed Quizzes in Sports
1
2022 World Cup Stars
2
Les meilleurs buteurs des matchs entre le PSG et l’OM
3
FIFA Club World Cup Champions
4
Les entraîneurs de l'OM et du PSG au 21e siècle
5
Criteria MLB: Left Handed Sluggers
6
AFC Teams Reveal (Wrong Answers Minefield)
7
5-to-1: UK Sports Teams
8
5-to-1: FBS Animal Nicknames
9
2023 MLB Unique Player Accomplishments
10
Name the Premier League winners with different clubs
Explore More
Trending Topics
Harry Potter
Kpop
Marvel
Anime
Crossword
Disney
NBA
Pokémon
Country
NFL
Puzzle
WWE
The Office
Soccer
Song
hide this ad
More By:
jgmptat
Quiz
Plays
Rating
Category
Featured
Created
Man Utd Squads of the Decade (2010s)
2,966
3.67
Sports
Jan 16, 2021
Premier League XI's (2015-16)
1,568
5.00
Sports
May 11, 2016
Fifa 18 - English 81+
1,434
5.00
Sports
Dec 5, 2017
FIFA 18 - Belgium 81+
1,416
5.00
Sports
Dec 6, 2017
Fifa 17: Top International XIs
1,293
2.80
Sports
Mar 15, 2017
Go to Creator's Profile
Score Distribution
Quiz Creator Spotlight
jgmptat
Follow
Send a Message
Quizzes Created
-
Created Quiz Play Count
-
More By This Creator
Popular Quizzes Today
1
Find the US States - No Outlines Minefield
2
Find the Countries of Europe - No Outlines Minefield
3
The Countries of the World
4
Find the US States
5
Risky Map Clicking: Biggest States A-Z
6
US States
7
Popular People in 1961
8
Movies - When Are They Set?
More Sports Quizzes
2020 NBA All-Stars
Curator's Pick
Trending Quizzes
Risky Map Clicking: Least Populous States A-Z
1-10 Letter G Words
1-10 Letter F Words
Risky Map Clicking: Next State Alphabetically
Risky Map Clicking: Biggest States A-Z
Recently Updated
Leaping Animals
pecheneg
Reality TV Shows (A-Z)
bhenderson79
Rickey Henderson's Hall of Fame Teammates
pecheneg
Champions League XIs: Arsenal
pecheneg
Quick Pick: Celebrities in WWE's Hall of Fame
aduchscher
A-Z Keypad Blitz II
pecheneg
Multiple Oscar Actors
pecheneg
Mystery Phrase Blitz: Oscar 'Best Actors'
pecheneg
F. Scott Fitzgerald Novels
LTH
Pick 3 Villains
ddd62291
Trending Topics
Harry Potter
Crossword
Anime
Disney
Kpop
NBA
Marvel
Pokémon
Puzzle
Song
The Office
NFL
Soccer
WWE
Country
Your Account Isn't Verified!
In order to create a playlist on Sporcle, you need to verify the email address you used during registration. Go to your
Sporcle Settings
to finish the process.
Report this User
Report this user for behavior that violates our
Community Guidelines
.
Details:
Send Report
Go to the Sporcle.com Mobile Site →
Comments